000 00517nam a2200217Ia 4500
003 OSt
005 20220928143524.0
006 a|||||r|||| 00| 0
007 ta
008 220927b |||||||| |||| 00| 0 eng d
024 _a22338
037 _cTextual
040 _aSDCL
_cSDCL
_beng
041 _2eng
_aeng
082 _aG, P3
100 _aWebster stephen
_9505588
245 0 _aThinking about biology.
260 _c2003
942 _hG, P3
_cTEXL
_2CC
999 _c824333
_d824333